1915 1480 1485 1840 1129 1263 1553 1160 1038 1680 1496 1652 1943 1331 1103 1517 1446 1525 1328 1551 1350 1581 1660 1176 1779 1813 1096 1417 1347 1873 1470 1467 1388 1847 1357 1173 1211 1611 1497 1570 1642 1550 1848 1776 1715 1645 1039 1100 1104 1142 1344 1169 1071 1426 1567 1843 1379 1948 1360 1421 1372 1259 1177 1838 1306 1744 1297 1205 1695 1936 1628 1471 1172 1233 1142 1606 1720 1926 1225 1179 1745 1182 1838 1410 1019 1795 1124 1654 1684 1829 1541 1340 1300 1158 1030 1057 1261 1817 1627 BCNSPRNW ULIB Ver.6.0+V

เปลี่ยนเป็นภาษาไทย

Change to English
 แสดงรายละเอียดบรรณานุกรม
  กลับหน้าหลัก

Brief Record : Get Marc (ISO 2709) : E-mail record : QR code < ปิดหน้าต่าง
LEADER : 00000nas 2200000uu 4500
001    13399126220
003     ULIB
008    180803s||||||||th 000 0 tha d
022    ^a2630046x
110    ^aวิทยาลัยพยาบาลพระจอมเกล้า จังหวัดเพชรบุรี
245    ^aวารสารวิทยาลัยพยาบาลพระจอมเกล้า จังหวัดเพชรบุรี
260    ^aเพชรบุรี :^bวิทยาลัยพยาบาลพระจอมเกล้า จังหวัดเพชรบุรี,^c2561
310    ^aรายสี่เดือน
850 ^a ULIB^bปีที่ 1 ฉบับที่ 1 ฉ.1
945    ^p0^l0^i904963
999    ^aประนอม เกษจรัล
รายการนี้ยังไม่มีแท็ก
คุณยังไม่ได้ล็อกอิน คุณสามารถมีกิจกรรมร่วมกับเว็บไซต์ได้ แต่ต้องล็อกอินก่อน ::
  ล็อกอิน

รายการสื่อสารสนเทศ (วารสาร)

ดูแบบ: กล่อง รายการ
ARRIVED
ปีที่ 1 ฉบับที่ 1 ฉ.1
สถานที่: ห้องสมุดวิทยาเขตสวรรค์ประชารักษ์ >วารสาร

BibComment


ยังไม่เคยถูกคอมเมนท์

คอมเมนท์ทรัพยากรรายการนี้
  คอมเมนท์: วารสารวิทยาลัยพย..


 Copyright 2026. Bcnsprnw @Library